| 000 | 01255nam a2200361 c 4500 | ||
|---|---|---|---|
| 001 | 59240 | ||
| 003 | CO-BoRNBP | ||
| 005 | 20250919214440.0 | ||
| 007 | ta | ||
| 008 | 231211s2023 ck a|||a 000 f spa|| | ||
| 020 | _a9789583068096 | ||
| 040 |
_aCO-BoRNBP _bspa _erda _cCO-BoRNBP |
||
| 041 | 1 |
_aspa _hger |
|
| 043 | _ae-ge--- | ||
| 084 | _aN | ||
| 100 |
_aMuser, Martín _d1965- _eaut |
||
| 245 | 1 | 3 |
_aUn caso para el tándem : _bel canguro rojo / _cMartín Muser ; ilustraciones de Tine Schulz ; traductor Luis Carlos Henao. |
| 250 | _aEdición especial | ||
| 264 | 1 |
_aBogotá, Colombia : _bPanamericana Editorial, _c2023 |
|
| 300 |
_a139 páginas : _bilustraciones en blanco y negro |
||
| 336 |
_atexto _btxt _2rdacontent |
||
| 337 |
_asin mediación _bn _2rdamedia |
||
| 338 |
_avolumen _bnc _2rdacarrier |
||
| 521 | _aRecomendado para un público infantil a partir de los 6 años | ||
| 534 | _tEin Fall Für Tandem das rote Känguru | ||
| 650 | 0 | 7 |
_aDetectives en la literatura _2lemb _92332 |
| 650 | 0 | 7 |
_aLadrones en la literatura _2lemb |
| 650 | 0 | 4 |
_aLiteratura juvenil alemana _ySiglo XXI _2LEMB |
| 650 | 0 | 4 |
_aNovela juvenil alemana _ySiglo XXI _2LEMB |
| 700 |
_aHenao, Luis Carlos _etrl |
||
| 700 | _aSchulz, Tine | ||
| 942 |
_2loc _cBKLITI |
||
| 999 |
_c59240 _d59240 |
||